01661nam a22003617i 4500003000900000005001700009008004100026017001300067020001500080040004600095041000800141082002900149092000700178099003700185100005700222245007800279264006700357300003000424336002200454337002400476338003300500504006100533546010200594650007600696650005800772651001000830856005700840905001600897942001900913999001700932952017600949952017401125EG-GICUC20260121101452.0251211s2007    ua ||||fr|||| 00| 0 ara d  a20077410  a9770315230  a EG-GICUCbarac EG-GICUCd EG-GICUCerda  aara04221a343.62bن س . إ04221  aLaw1 10 343.62 ن س . إ	20070 aنسرين عبد الحميد نبيهeمؤلف.12aالإجرام المعقد /cنسرين عبد الحميد نبيه. 1aالإسكندرية :bمنشأة المعارف،c2007.  a218 صفحة ؛c24 سم.  2rda contentatext  2rda mediaaComputer  2rda carrieraOnline Resource  aيحتوي على ارجاعات ببليوجرافية
  aالنص أغلبه باللغة العربية مع بعض النصوص الإنجليزية14aالنظريات المفسرة للسلوك الإجرامي 2qrmak14aالعوامل الإجرامية بصفة عامة1 2qrmak40uhttps://fll.law.cu.edu.eg/fulltext/bks/B10-07242.pdf  a75eHassnaa  2ddccBKe21n0  c49854d49854  00102ddc40718القانون الجنائيaCUbLAW1d2025-12-11l0oLaw1 10	343.62 ن س . إ   2007 1007242	C1pB10-07242r2025-12-11 17:54:00t1w2025-12-11yBK  00102ddc40708القانون الجنائيaCUbLAW1d2025-12-11l0oLaw1 10	343.62 ن س . إ	2007 1007244	C2pB10-07244r2025-12-11 17:55:00t2w2025-12-11yBK